Star Wars Canon Clone Battalions - Statistics

General Stats
  • This quiz has been taken 177 times
  • The average score is 6 of 15
Answer Stats
Jedi Clone Force % Correct
Anakin Skywalker 501st Legion
99%
Obi-Wan Kenobi 212th Attack Battalion
89%
Ahsoka Tano 332nd Company
70%
Yoda 41st Elite Corps
66%
Plo-Koon 104th Battalion
59%
Aayla Secura 327th Star Corps
50%
Adi Gallia 91st Recon Corps
45%
Ki-Adi-Mundi 21st Nova Corps
32%
Mace Windu 187th Legion
30%
Jaro Tarpal and Cal Kestis 13th Battalion
18%
Eeth Koth Horn Company
9%
Luminara Undulli 9th Assault Corps
6%
Danyawarra 101st Regiment
5%
Tiplar and Tiplee Doom's Battalion
1%
Ima-Gun-Di Keeli's Company
1%
No matching quizzes found
Score Distribution
Percent of People with Each Score
Percentile by Number Answered
Your Score History
You have not taken this quiz